000 01055nam0a2200277 4500
001 RU\NLR\BIBL_A\012082662
005 20250623204024.0
010 _910000
035 _a(NLR Aleph) 012082662
090 _a13296420
_c13296420
100 _a20190828d1982 |||y0rusy50 ca
101 0 _achv
102 _aRU
105 _aa z 000 y
200 1 _aУраллӑ куиӑс
_eсӑвӑсем
_fНиколай Карай
_g[худож. А. Т. Скворцов]
210 _aШупашкар
_cЧӑваш кӗнеке изд-ви
_d1982
215 _a20, [3] с.
_cцв. ил.
_d26
300 _aВ вып. дан. авт.: Николай Карай (Николай Дмитриевич Дмитриев)
541 1 _aГарможка на ножках
_eстихи
_eдля детей дошк. возраста
_zrus
686 1 _aШ9(2)6=Чув-5
700 1 _aКарай
_bН. Д.
_gНиколай Дмитриевич
_4070
702 1 _aСкворцов
_bА. Т.
_4440
852 _aNLR
_bОНЛ
_jЧув./4-328
942 _cBOOK
980 _aNB